¿ Fronteras en las aulas ? : contacto transcultural y endogamia en las interacciones del alumnado (Record no. 133555)

MARC details
000 -CABECERA
campo de control de longitud fija 00715nab a2200241 a 4500
005 - FECHA Y HORA DE LA ÚLTIMA TRANSACCIÓN
campo de control 20210219160240.0
008 - ELEMENTOS DE LONGITUD FIJA--INFORMACIÓN GENERAL
campo de control de longitud fija 991125s1985 mx 000 0 spa u
035 ## - NÚMERO DE CONTROL DEL SISTEMA
Número de control de sistema UPN01000161442
100 1# - ASIENTO PRINCIPAL--NOMBRE PERSONAL
Nombre de persona Fernández Enguita, Mariano
222 ## - TÍTULO CLAVE
Título clave REVISTA DE EDUCACION
245 ## - MENCIÓN DE TÍTULO
Título ¿ Fronteras en las aulas ? : contacto transcultural y endogamia en las interacciones del alumnado
260 ## - PUBLICACIÓN, DISTRIBUCIÓN, ETC.
Lugar de publicación, distribución, etc. Madrid, España
300 ## - DESCRIPCIÓN FÍSICA
Extensión 157-181
362 0# - FECHAS DE PUBLICACIÓN Y/O DESIGNACIÓN SECUENCIAL
Fecha de publicación y/o designación secuencial 2008 No. 345, ene.-abr.
653 0# - TERMINO DE INDIZACION - NO CONTROLADO
Término no controlado CONTACTO INTERCULTURAL
653 0# - TERMINO DE INDIZACION - NO CONTROLADO
Término no controlado REDES DE INTERACCION
653 0# - TERMINO DE INDIZACION - NO CONTROLADO
Término no controlado FAMILIA INMIGRANTE
700 1# - ASIENTO SECUNDARIO--NOMBRE DE PERSONAL
Nombre de persona Gaete, José Manuel,
700 1# - ASIENTO SECUNDARIO--NOMBRE DE PERSONAL
Término indicativo de función/relación coaut.
700 1# - ASIENTO SECUNDARIO--NOMBRE DE PERSONAL
Nombre de persona Terrén, Eduardo,
700 1# - ASIENTO SECUNDARIO--NOMBRE DE PERSONAL
Término indicativo de función/relación coaut.
905 ## - TIPO DE MATERIAL
Tipo de material Articulo

No items available.